000 00827nam a2200229 i 4500
001 188328
003 SpMaBN
005 20250928145739.0
008 180807s1933 sp |||| | spa d
100 0 _aTeresa de Jesús,
_cSanta,
_d1515-1582
_9226510
245 1 4 _aLas moradas /
_cSanta Teresa ; [prólogo y notas de Tomás Navarro Tomás].
250 _a4ª ed.
260 _aMadrid :
_bLa Lectura,
_c1933 (
_fTall. Espasa-Calpe)
300 _aXVIII, 265 p. ;
_c19 cm.
490 1 _aClásicos castellanos ;
_v1
650 _aMisticismo.
_915086
700 _aNavarro Tomás, Tomás,
_d1884-1979
_9226508
830 0 0 _aClásicos castellanos (La Lectura)
_v1
_9226509
852 _aES-MaACL
_jL-32229
_z. - Donat. herederos de la bibl. de Mª del Pilar Costa Palacín
942 _2udc
999 _c188328
_d188328